[Event "TCh-TUR Super League 2017"]
[Site "Kocaeli TUR"]
[Date "2017.07.30"]
[Round "6.5"]
[White "Ivanchuk,V"]
[Black "Mamedov,Nid"]
[Result "1-0"]
[WhiteElo "2729"]
[BlackElo "2589"]

1.e4 d5 2.exd5 Qxd5 3.Nc3 Qa5 4.d4 Nf6 5.Nf3 Bf5 6.Ne5 e6 7.g4 Bg6 8.h4 Ne4
9.Bd2 Nxc3 10.Bxc3 Bb4 11.Rh3 Be4 12.Qe2 Bd5 13.O-O-O O-O 14.Bxb4 Qxb4 15.h5 f6
16.c4 fxe5 17.cxd5 exd5 18.Qxe5 Rxf2 19.Qxd5+ Kh8 20.Rb3 Qf8 21.Bd3 Nc6 22.Rxb7 Qf4+
23.Kb1 Qxg4 24.Rc1 Qxd4 25.Qxd4 Nxd4 26.Rbxc7 Ne6 27.R7c6 Rf6 28.h6 Raf8
29.Re1 Nf4 30.Rxf6 gxf6 31.Bf5 Ng6 32.Re6 Nh4 33.Bd3 f5 34.Re7 a5 35.Ra7 f4
36.Rxa5 f3 37.Rh5 Rf4 38.Re5 Rf8 39.Re4 Ng6 40.Bf1 Nf4 41.a4 Nh5 42.Rg4 f2
43.a5 Re8 44.Ka2 Re1 45.Bc4 Rg1 46.Rd4 Rg8 47.a6 Ng3 48.Rf4  1-0

[Event "TCh-TUR Super League 2017"]
[Site "Kocaeli TUR"]
[Date "2017.07.31"]
[Round "7.3"]
[White "Solak,D"]
[Black "Ivanchuk,V"]
[Result "1/2-1/2"]
[WhiteElo "2624"]
[BlackElo "2729"]

1.e4 c5 2.Nf3 d6 3.d4 cxd4 4.Nxd4 Nf6 5.Nc3 Nc6 6.Bg5 e6 7.Qd2 a6 8.O-O-O Bd7
9.f4 b5 10.Bxf6 gxf6 11.Kb1 Qb6 12.Nce2 h5 13.h4 O-O-O 14.Rh3 Kb8 15.Nxc6+ Bxc6
16.Rb3 d5 17.Nd4 Bb7 18.e5 fxe5 19.fxe5 Rg8 20.g3 Rg4 21.Be2 Re4 22.Bxh5 Rd7
23.Rf3 Bc5 24.Nb3 Be3 25.Qd3 d4 26.Rxf7 Rxf7 27.Bxf7 Rg4 28.Bg6 Qc7 29.c3 Qxe5
30.cxd4 Qxg3 31.h5 Qf2  1/2-1/2

[Event "TCh-TUR Super League 2017"]
[Site "Kocaeli TUR"]
[Date "2017.08.02"]
[Round "8.4"]
[White "Ivanchuk,V"]
[Black "Kuzubov,Y"]
[Result "1/2-1/2"]
[WhiteElo "2729"]
[BlackElo "2646"]

1.e4 e5 2.Nf3 Nf6 3.Nxe5 d6 4.Nf3 Nxe4 5.d4 d5 6.Bd3 Be7 7.O-O Nd6 8.c3 Nd7
9.Re1 O-O 10.Qc2 g6 11.Bf4 Re8 12.Nbd2 Nf8 13.Rac1 c6 14.h3 Ne6 15.Bh2 Bf8
16.Nf1 Bh6 17.Ne3 Bf4 18.Rcd1 Bxh2+ 19.Kxh2 Ng5 20.Nxg5 Qxg5 21.Qd2 Bd7 22.Nc4 Qxd2
23.Nxd2 Bf5 24.Bxf5 Nxf5 25.Kg1 Kf8 26.Kf1 Nd6 27.Rxe8+ Rxe8 28.Re1 Rxe1+
29.Kxe1 Ke7 30.Ke2  1/2-1/2

[Event "TCh-TUR Super League 2017"]
[Site "Kocaeli TUR"]
[Date "2017.08.03"]
[Round "9.4"]
[White "Cheparinov,I"]
[Black "Ivanchuk,V"]
[Result "1/2-1/2"]
[WhiteElo "2703"]
[BlackElo "2729"]

1.Nf3 c5 2.c4 Nf6 3.Nc3 Nc6 4.g3 d6 5.Bg2 g6 6.d4 cxd4 7.Nxd4 Bd7 8.Nc2 Bg7
9.b3 O-O 10.O-O Qa5 11.Bd2 Rfc8 12.Rc1 Qd8 13.h3 a6 14.a4 Be8 15.Rb1 Nd7
16.e4 Nc5 17.Qe2 Na5 18.Na1 Nc6 19.Nc2 Na5 20.Na1 Nc6 21.Nc2 Na5  1/2-1/2

[Event "TCh-TUR Super League 2017"]
[Site "Kocaeli TUR"]
[Date "2017.08.04"]
[Round "10.3"]
[White "Ivanchuk,V"]
[Black "Najer,E"]
[Result "1/2-1/2"]
[WhiteElo "2729"]
[BlackElo "2706"]

1.e4 c6 2.d4 d5 3.exd5 cxd5 4.c4 Nf6 5.Nc3 Nc6 6.Nf3 Bg4 7.cxd5 Nxd5 8.Qb3 Bxf3
9.gxf3 e6 10.Qxb7 Nxd4 11.Bb5+ Nxb5 12.Qc6+ Ke7 13.Qxb5 Qd7 14.Nxd5+ Qxd5
15.Qxd5 exd5 16.Be3 Ke6 17.O-O-O Bb4 18.Rd3 Rhc8+ 19.Kb1 Bc5 20.Rc1 Bxe3
21.fxe3 g5 22.Ra3 Rxc1+ 23.Kxc1 a5 24.Kd1 Rb8 25.b3 Rb5 26.Ra4 h5 27.Ke1 f5
28.h3 Kd6 29.Ke2 Rc5 30.Kd2 Rb5 31.Ke2 Rc5 32.Kd2 Rb5  1/2-1/2

[Event "TCh-TUR Super League 2017"]
[Site "Kocaeli TUR"]
[Date "2017.08.04"]
[Round "11.5"]
[White "Rozum,I"]
[Black "Ivanchuk,V"]
[Result "1/2-1/2"]
[WhiteElo "2573"]
[BlackElo "2729"]

1.d4 Nf6 2.c4 g6 3.g3 Bg7 4.Bg2 d6 5.Nf3 O-O 6.O-O Nbd7 7.Qc2 e5 8.Rd1 Qe7
9.Nc3 c6 10.e4 a5 11.h3 exd4 12.Nxd4 Re8 13.Be3 a4 14.Re1 Nc5 15.Rad1 Bd7
16.f3 Qd8 17.Nde2 Bf8 18.Bxc5 dxc5 19.f4 Qc7 20.g4 Red8 21.e5 Ne8 22.Nxa4 f6
23.exf6 Nxf6 24.b3 Be8 25.Qc3 Rxd1 26.Rxd1 Rd8 27.Rxd8 Qxd8 28.Qe3 Bf7 29.Nb2 Qa5
30.Qc3 Qxc3 31.Nxc3 Bg7 32.Nba4 Nd7 33.Kf1 Bd4 34.Ne4 b5 35.cxb5 cxb5 36.Nac3 b4
37.Ne2 Be3 38.Ng5 h6 39.Nxf7 Kxf7 40.Bc6 Nf6 41.Kg2 g5 42.Kf3 Bd2 43.fxg5 hxg5
44.Ng3 Ke6 45.Nf5 Ng8 46.Bb5 Ke5 47.Ke2 Bc3 48.Kd3 Be1 49.Ke2 Bc3 50.Kf3 Nf6
51.Bc6 Nh5 52.Ne3 Ng7 53.Bd7 Kd6 54.Bc8 Ke5 55.Nc4+ Kd5 56.Ke3 Ne8 57.Kd3 Nd6
58.Ne3+ Ke5 59.Bf5 Bd4 60.Nc4+  1/2-1/2

[Event "TCh-TUR Super League 2017"]
[Site "Kocaeli TUR"]
[Date "2017.08.06"]
[Round "13.5"]
[White "Zhigalko,S"]
[Black "Ivanchuk,V"]
[Result "1/2-1/2"]
[WhiteElo "2648"]
[BlackElo "2729"]

1.e4 e5 2.Nf3 Nc6 3.Bb5 a6 4.Ba4 Nf6 5.O-O Be7 6.Re1 b5 7.Bb3 O-O 8.a4 b4
9.d3 d6 10.a5 Be6 11.Nbd2 Rb8 12.Nc4 h6 13.h3 Qc8 14.Be3 Rd8 15.Ba4 Bxc4
16.Bxc6 Bb5 17.Bxb5 Rxb5 18.c4 bxc3 19.bxc3 Qe6 20.c4 Rb7 21.Nh4 Nxe4 22.Qf3 Nc5
23.Bxc5 Rb3 24.Qd1 Rbb8 25.Bxd6 Rxd6 26.Nf3 Bf6 27.Re4 Qd7 28.Nxe5 Bxe5 29.Rxe5 Rxd3
30.Qg4 Qxg4 31.hxg4  1/2-1/2

[Event "FIDE World Cup 2017"]
[Site "Tbilisi GEO"]
[Date "2017.09.03"]
[Round "1.1"]
[White "Ivanchuk,V"]
[Black "Kazhgaleyev,M"]
[Result "1/2-1/2"]
[WhiteElo "2727"]
[BlackElo "2570"]

1.c4 e5 2.Nc3 Bb4 3.Nf3 Bxc3 4.bxc3 d6 5.e4 Nc6 6.g3 Nge7 7.Bg2 O-O 8.d3 f5
9.exf5 Bxf5 10.Ng5 Qd7 11.O-O h6 12.Ne4 Bh3 13.Bxh3 Qxh3 14.Qe2 Rf7 15.Bd2 Raf8
16.f3  1/2-1/2

[Event "FIDE World Cup 2017"]
[Site "Tbilisi GEO"]
[Date "2017.09.04"]
[Round "1.2"]
[White "Kazhgaleyev,M"]
[Black "Ivanchuk,V"]
[Result "1/2-1/2"]
[WhiteElo "2570"]
[BlackElo "2727"]

1.d4 d5 2.c4 e6 3.Nc3 c6 4.e3 Nf6 5.Nf3 Nbd7 6.Qc2 Bd6 7.b3 O-O 8.Bb2 e5
9.Be2 e4 10.Nd2 Nb8 11.h3 Be6 12.g4 Na6 13.a3 Nc7 14.O-O-O a5 15.Kb1 b5 16.c5 Be7
17.g5 Nd7 18.h4 f5 19.f3 b4 20.axb4 axb4 21.Na4  1/2-1/2

[Event "FIDE World Cup 2017"]
[Site "Tbilisi GEO"]
[Date "2017.09.13"]
[Round "4.2"]
[White "Giri,A"]
[Black "Ivanchuk,V"]
[Result "1/2-1/2"]
[WhiteElo "2777"]
[BlackElo "2727"]

1.c4 e5 2.Nc3 d6 3.g3 g6 4.d4 Nd7 5.Nf3 Bg7 6.Bg2 Ngf6 7.O-O O-O 8.e4 a6
9.Qc2 exd4 10.Nxd4 Re8 11.Re1 Ne5 12.b3 c5 13.Nf3 Nfg4 14.Nxe5 Nxe5 15.Bb2 Nc6
16.Qd2 Qa5 17.Rad1 Bg4 18.f3 Be6 19.Nd5 Qxd2 20.Rxd2 Bxb2 21.Rxb2 Bxd5 22.cxd5 Nd4
23.f4 a5 24.Kf2 f6 25.h4 Re7 26.g4 h6 27.Ke3 f5 28.Kd3 fxg4 29.e5 Kg7 30.Re4 Nf5
31.Kc4 Ra6 32.a3 h5 33.Ree2 Nd4 34.Re4 b5+ 35.Kc3 b4+ 36.Kc4 bxa3 37.Ra2 Rb7
38.Rxa3 Nf5 39.Kc3 Rab6 40.Bf1 g3 41.Bh3 Nd4 42.Kd2 Nxb3+ 43.Kd3 Nd4 44.exd6 Rxd6
45.Kc4 Rb4+ 46.Kxc5 Rdb6 47.Rxd4 R6b5+ 48.Kc6 Rb6+ 49.Kc5 R6b5+  1/2-1/2

[Event "11th Kings Rapid 2017"]
[Site "Medias ROU"]
[Date "2017.11.26"]
[Round "1.2"]
[White "Karjakin,Sergey"]
[Black "Ivanchuk,V"]
[Result "1/2-1/2"]
[WhiteElo "2760"]
[BlackElo "2729"]

1.e4 c5 2.Nf3 d6 3.d4 cxd4 4.Nxd4 Nf6 5.Nc3 a6 6.Be3 e5 7.Nf3 Be7 8.Bc4 O-O
9.O-O Be6 10.Bxe6 fxe6 11.Na4 Ng4 12.Qd3 Nxe3 13.Qxe3 b5 14.Nb6 Ra7 15.Nd5 Rb7
16.Qd2 Kh8 17.Nxe7 Qxe7 18.Rad1 Rb6 19.Qe3 Rc6 20.Rd2 Nd7 21.Qa7 Rfc8 22.Rfd1 R8c7
23.Qa8+ Rc8 24.Qa7 R8c7  1/2-1/2

[Event "11th Kings Rapid 2017"]
[Site "Medias ROU"]
[Date "2017.11.26"]
[Round "3.2"]
[White "Ivanchuk,V"]
[Black "Deac,Bogdan-Daniel"]
[Result "1-0"]
[WhiteElo "2729"]
[BlackElo "2566"]

1.d4 Nf6 2.c4 e6 3.Nf3 d5 4.Nc3 dxc4 5.Qa4+ c6 6.Qxc4 b5 7.Qd3 a6 8.e4 c5
9.dxc5 Qxd3 10.Bxd3 Bxc5 11.e5 Nfd7 12.Ne4 Bb7 13.Bf4 Nc6 14.a3 Be7 15.Rc1 h6
16.Nd6+ Bxd6 17.exd6 Rc8 18.O-O Nb6 19.Be4 g5 20.Be3 Nc4 21.Rfd1 Rd8 22.b3 Nxe3
23.fxe3 Na5 24.Bxb7 Nxb7 25.Rc6 f6 26.Rxa6 Nc5 27.Rb6 Ne4 28.d7+ Kf7 29.Rf1 Ke7
30.Nd4 Kxd7 31.Rd1 Kc7 32.Rxe6 Nd6 33.Rxf6  1-0

[Event "11th Kings Rapid 2017"]
[Site "Medias ROU"]
[Date "2017.11.27"]
[Round "5.2"]
[White "Deac,Bogdan-Daniel"]
[Black "Ivanchuk,V"]
[Result "1/2-1/2"]
[WhiteElo "2566"]
[BlackElo "2729"]

1.Nf3 Nf6 2.c4 e6 3.g3 d5 4.d4 Bb4+ 5.Bd2 Be7 6.Bg2 c6 7.Qc2 b6 8.b3 Nbd7
9.O-O O-O 10.Rd1 a5 11.Bc3 Ba6 12.Nbd2 b5 13.e3 bxc4 14.bxc4 dxc4 15.Bf1 c5
16.Nxc4 cxd4 17.Bxd4 Qc7 18.Rac1 Rfc8 19.Qb1 Qb7 20.Qxb7 Bxb7 21.Nce5 h6
22.Bb5 Nc5 23.Nd2 Rab8 24.a4 Bd5 25.f3 Nb3 26.Nxb3 Bxb3 27.Rf1 Ba3 28.Rxc8+ Rxc8
29.Nc6 Bd5 30.Ne5 Rc2 31.Rf2 Rc1+  1/2-1/2

[Event "2nd IMSA Rapid 2017"]
[Site "Huai'an CHN"]
[Date "2017.12.10"]
[Round "2.6"]
[White "Ivanchuk,V"]
[Black "Harikrishna,P"]
[Result "1/2-1/2"]
[WhiteElo "2726"]
[BlackElo "2744"]

1.d4 Nf6 2.c4 e6 3.Nc3 Bb4 4.Qc2 d5 5.a3 Bxc3+ 6.Qxc3 O-O 7.Nf3 dxc4 8.Qxc4 b6
9.Bg5 Ba6 10.Qa4 Qd7 11.Qxd7 Nbxd7 12.e3 Bb7 13.Be2 Rac8 14.O-O c5 15.Rac1 Ne4
16.Bh4 h6 17.Rfd1 g5 18.Bg3 Nxg3 19.hxg3 Bxf3 20.gxf3 cxd4 21.Rxc8 Rxc8 22.Rxd4 Nf6
23.Rc4 Rxc4 24.Bxc4 Kf8 25.f4 Ke7 26.Kf1 Ne4 27.Bd3 Nd6 28.Ke2 f5 29.fxg5 hxg5
30.f4 g4 31.Kd2 Kf6 32.Kc3 e5 33.Bc2 Ne8 34.Kd2 Ng7 35.Ke2 Nh5 36.Kf2 Ng7
37.Ke2 Nh5 38.Kf2 e4 39.Bb3 Ke7 40.Bc4 Nf6 41.Ke2 a5 42.Bb3 b5 43.Ba2 Nh5
44.Kf2 Nf6 45.Ke2 Nd7 46.Kd2 Nc5 47.Bb1 b4 48.axb4 axb4 49.Bc2 Kd6 50.b3 Nd7
51.Ke1 Kc5 52.Ke2 Nf6 53.Ke1 Nd5 54.Kd2 Nf6 55.Ke1 Nd5 56.Kd2 Nf6 57.Ke1 Nd5  1/2-1/2

[Event "2nd IMSA Rapid 2017"]
[Site "Huai'an CHN"]
[Date "2017.12.10"]
[Round "3.6"]
[White "Korobov,A"]
[Black "Ivanchuk,V"]
[Result "1-0"]
[WhiteElo "2652"]
[BlackElo "2726"]

1.d4 Nf6 2.c4 e6 3.Nf3 b6 4.g3 Ba6 5.b3 b5 6.Bg2 bxc4 7.Ne5 Bb4+ 8.Bd2 cxb3
9.axb3 Bxd2+ 10.Qxd2 c6 11.O-O O-O 12.Nc3 Nd5 13.Ne4 Qe7 14.Rfc1 d6 15.Nxc6 Nxc6
16.Rxa6 Ncb4 17.Ra4 Rab8 18.Rc4 f5 19.Ng5 Rb6 20.Qc1 h6 21.Nf3 a6 22.Nd2 Qd7
23.Qa3 Rfb8 24.e3 Qb5 25.h4 Kh7 26.Qa1 Qe8 27.Qb1 Kh8 28.Qa1 Kh7 29.Bf3 Kh8
30.Kg2 Kh7 31.Qc1 Qd7 32.h5 Kh8 33.Ra1 e5 34.Ra5 e4 35.Be2 Rb5 36.Ra1 a5
37.Qd1 Qe6 38.Rcc1 Nd3 39.Bxd3 exd3 40.Qf3 Nb4 41.Rc3 Rf8 42.Rh1 Rbb8 43.Ra1 Rbc8
44.Rxc8 Rxc8 45.Rxa5 Rc2 46.Rxf5 Rxd2 47.d5  1-0

[Event "2nd IMSA Rapid 2017"]
[Site "Huai'an CHN"]
[Date "2017.12.10"]
[Round "4.6"]
[White "Mamedov,Rau"]
[Black "Ivanchuk,V"]
[Result "1/2-1/2"]
[WhiteElo "2709"]
[BlackElo "2726"]

1.e4 c5 2.Nf3 d6 3.Nc3 Nc6 4.d4 cxd4 5.Nxd4 Nf6 6.Bg5 e6 7.Qd2 a6 8.O-O-O h6
9.Be3 Nxd4 10.Bxd4 b5 11.f3 Qa5 12.Kb1 b4 13.Ne2 e5 14.Bf2 Be6 15.Nc1 Be7
16.g4 d5 17.exd5 Nxd5 18.Nb3 Qc7 19.Bd3 O-O 20.Bg3 Bg5 21.Qe1 Ne3 22.Rd2 Bd5
23.Re2 Nc4 24.Bxe5 Nxe5 25.Rxe5 Bxf3 26.Rf1 Bg2 27.Rg1 Bb7 28.Rf1 Bg2 29.Rg1 Bb7
30.Rf1 Bg2  1/2-1/2

[Event "2nd IMSA Rapid 2017"]
[Site "Huai'an CHN"]
[Date "2017.12.11"]
[Round "5.6"]
[White "Ivanchuk,V"]
[Black "Yu Yangyi"]
[Result "1/2-1/2"]
[WhiteElo "2726"]
[BlackElo "2751"]

1.Nf3 Nf6 2.g3 d5 3.Bg2 Bg4 4.c4 e6 5.Qb3 Qc8 6.Nc3 c6 7.d4 Nbd7 8.Bf4 Be7
9.Rc1 O-O 10.O-O Bxf3 11.Bxf3 Nb6 12.c5 Nbd7 13.e4 dxe4 14.Nxe4 Nxe4 15.Bxe4 Nf6
16.Bf3 Nd5 17.Be5 Rd8 18.Rfe1 Kh8 19.Rcd1 Rd7 20.Bg4 Bf6 21.Bd6 Be7 22.Be5 Bf6  1/2-1/2

[Event "2nd IMSA Blitz 2017"]
[Site "Huai'an CHN"]
[Date "2017.12.12"]
[Round "2.6"]
[White "Le Quang Liem"]
[Black "Ivanchuk,V"]
[Result "1/2-1/2"]
[WhiteElo "2737"]
[BlackElo "2726"]

1.d4 Nf6 2.c4 g6 3.Nc3 Bg7 4.g3 d5 5.cxd5 Nxd5 6.Bg2 Nb6 7.Nf3 Nc6 8.e3 O-O
9.O-O Re8 10.a3 e5 11.d5 Na5 12.Qc2 c6 13.b4 Nac4 14.dxc6 bxc6 15.Rd1 Bf5
16.e4 Bd7 17.Na4 Nxa4 18.Qxc4 a5 19.Ng5 Re7 20.Qc2 axb4 21.axb4 Nb6 22.Rxa8 Nxa8
23.Qxc6 h6 24.Nf3 Nc7 25.Be3 Bxc6 26.Rxd8+ Kh7 27.Bc5 Re6 28.Bh3 Bxe4 29.Nd2 Bf5
30.Bxf5 gxf5 31.Rd7 Na6 32.Rxf7 Kg6 33.Rb7 e4 34.Nc4 Nxc5 35.bxc5 Bd4 36.Rc7 Ra6
37.c6 Ra4 38.Ne3 Ra1+ 39.Kg2 Ra2 40.Kg1 Ra1+ 41.Kg2 Ra2 42.Kf1 Bxe3 43.fxe3 Rxh2
44.Rd7 Rc2 45.c7 Kg5 46.Rg7+ Kf6 47.Rh7 Kg5 48.Rg7+ Kf6 49.Rh7 Kg5 50.Rg7+ Kf6  1/2-1/2

[Event "2nd IMSA Blitz 2017"]
[Site "Huai'an CHN"]
[Date "2017.12.12"]
[Round "3.6"]
[White "Ivanchuk,V"]
[Black "Korobov,A"]
[Result "1-0"]
[WhiteElo "2726"]
[BlackElo "2652"]

1.c4 e6 2.Nc3 d5 3.d4 c6 4.Nf3 Nf6 5.e3 Nbd7 6.Qc2 a6 7.b3 Bd6 8.Bb2 b6 9.Bd3 Bb7
10.O-O O-O 11.e4 dxe4 12.Nxe4 Nxe4 13.Bxe4 Nf6 14.Bd3 h6 15.Rad1 Qe7 16.Rfe1 Rad8
17.h3 Rfe8 18.Re3 Qf8 19.Ne5 c5 20.dxc5 Bxc5 21.Rg3 Nh5 22.Rg4 f5 23.Rh4 Nf6
24.Ng6 Qf7 25.Ne5 Qf8 26.Ng6 Qf7 27.Ne5 Qc7 28.Re1 Ne4 29.Bxe4 Bxe4 30.Qe2 Bb4
31.Rd1 Rxd1+ 32.Qxd1 Rd8 33.Qh5 Bd6 34.Qg6 Bxe5 35.Qxe6+  1-0

[Event "2nd IMSA Blitz 2017"]
[Site "Huai'an CHN"]
[Date "2017.12.12"]
[Round "6.3"]
[White "Harikrishna,P"]
[Black "Ivanchuk,V"]
[Result "1-0"]
[WhiteElo "2744"]
[BlackElo "2726"]

1.e4 d5 2.exd5 Qxd5 3.Nc3 Qa5 4.d4 Nf6 5.Bc4 Bg4 6.Ne2 Nc6 7.O-O O-O-O 8.Be3 e5
9.d5 Nb4 10.Bg5 c6 11.a3 Nbxd5 12.Nxd5 cxd5 13.Bb3 h6 14.Bxf6 gxf6 15.Qe1 Qxe1
16.Rfxe1 Bc5 17.Rad1 Be6 18.Ng3 h5 19.Kf1 h4 20.Ne2 Kc7 21.f4 Kc6 22.Rd3 Bf5
23.Rdd1 Be6 24.Rd3 a6 25.Nc3 e4 26.Rd2 f5 27.Ne2 Be3 28.Nd4+ Bxd4 29.Rxd4 Rhg8
30.Red1 Rg4 31.c4 Rxf4+ 32.Ke2 Kd6 33.h3 Rg8 34.Ke3 Rg3+ 35.Kxf4 Rxb3 36.cxd5 Bd7
37.Rb4 Rg3 38.Rxb7 Rxg2 39.Rb6+ Kc5 40.Rxa6 Rf2+ 41.Ke5 e3 42.Rc1+ Kb5 43.Ra7 e2
44.Re1 f4 45.Rxd7 f3 46.Rxf7 Rf1 47.Rxf3 Rxe1 48.Re3 Kc5 49.d6  1-0

[Event "2nd IMSA Blitz 2017"]
[Site "Huai'an CHN"]
[Date "2017.12.12"]
[Round "7.4"]
[White "Ivanchuk,V"]
[Black "Mamedov,Rau"]
[Result "1-0"]
[WhiteElo "2726"]
[BlackElo "2709"]

1.e4 c5 2.Nf3 d6 3.d4 Nf6 4.Nc3 cxd4 5.Nxd4 g6 6.Be3 Bg7 7.f3 Nc6 8.Qd2 O-O
9.O-O-O d5 10.Kb1 Rb8 11.Ndb5 a6 12.Na7 e6 13.Qf2 Bd7 14.exd5 Nxd5 15.Nxd5 exd5
16.Rxd5 Qf6 17.c3 Be6 18.Nxc6 bxc6 19.Rc5 Rfe8 20.Bd3 Qe7 21.Bd4 Bxd4 22.cxd4 Rb4
23.Rhc1 Reb8 24.R1c2 Bd5 25.Bc4 Qe6 26.Bxd5 cxd5 27.b3 Qf5 28.Kb2 Kg7 29.Qe3 Qf6
30.Rxd5 Qb6 31.Rd7 Kg8 32.Qe7 Rf8 33.Rc8  1-0

[Event "2nd IMSA Blitz 2017"]
[Site "Huai'an CHN"]
[Date "2017.12.12"]
[Round "8.4"]
[White "Yu Yangyi"]
[Black "Ivanchuk,V"]
[Result "1-0"]
[WhiteElo "2751"]
[BlackElo "2726"]

1.d4 Nf6 2.c4 e6 3.Nf3 b6 4.g3 Ba6 5.b3 Bb4+ 6.Bd2 Be7 7.Bg2 c6 8.O-O d5
9.Qc2 Nbd7 10.Rd1 Rc8 11.a4 O-O 12.Na3 Bb7 13.Qb2 c5 14.Be1 Re8 15.e3 cxd4
16.Nxd4 a6 17.a5 Qc7 18.axb6 Qxb6 19.cxd5 Bxd5 20.Bxd5 Nxd5 21.Qe2 Nc5 22.Nc4 Qb7
23.Na5 Qb6 24.Qf3 Bf6 25.Nc4 Qb8 26.Na5 Bxd4 27.exd4 Nd7 28.Rac1 h6 29.Rc4 Qb5
30.Rdc1 Rb8 31.Kg2 Qb6 32.Bd2 Qb5 33.h4 h5 34.b4 g6 35.Bg5 Qb6 36.Nc6 Rbc8
37.Bh6 Qb7 38.Ne7+ Rxe7 39.Rxc8+ Kh7 40.Bg5 f6 41.Bd2 e5 42.R1c7 Qb5 43.dxe5 Nxc7
44.exf6 Re2 45.f7 Ne6 46.Bc3 Ne5 47.f8=Q Nxf8 48.Bxe5 Qxe5 49.Rxf8 Qe4 50.Rf7+ Kh6
51.Rf6 Qxf3+ 52.Kxf3 Rb2 53.Rb6 Ra2 54.Ke3 a5 55.b5 a4 56.Ra6 Rb2 57.b6 a3
58.Kd4 a2 59.Kc5 Rxf2 60.b7 Rb2 61.Kc6 Rc2+ 62.Kd7 Rb2 63.Kc8 Rc2+ 64.Kd7 Rb2
65.Kc7 Rc2+ 66.Kb6 Rb2+ 67.Ka7  1-0

[Event "2nd IMSA Blitz 2017"]
[Site "Huai'an CHN"]
[Date "2017.12.12"]
[Round "9.3"]
[White "Ivanchuk,V"]
[Black "Andreikin,D"]
[Result "0-1"]
[WhiteElo "2726"]
[BlackElo "2712"]

1.d4 d5 2.c4 e6 3.Nf3 Nf6 4.g3 Bb4+ 5.Bd2 Be7 6.Bg2 O-O 7.O-O Nbd7 8.Qc2 c6
9.Rd1 Ne4 10.Be1 f5 11.Nc3 Bd6 12.e3 g5 13.Ne2 Qe8 14.b4 Qh5 15.a4 Ndf6 16.b5 Bd7
17.Rab1 Rac8 18.bxc6 Bxc6 19.Bb4 dxc4 20.Ne5 Bxe5 21.dxe5 Ng4 22.h4 Nexf2
23.Qxc4 Rfe8 24.Bxc6 Rxc6 25.Qb5 Nxd1 26.Qxb7 Rb6  0-1

[Event "2nd IMSA Blitz 2017"]
[Site "Huai'an CHN"]
[Date "2017.12.13"]
[Round "13.1"]
[White "Ivanchuk,V"]
[Black "Le Quang Liem"]
[Result "1/2-1/2"]
[WhiteElo "2726"]
[BlackElo "2737"]

1.e4 e5 2.f4 d5 3.exd5 exf4 4.Bc4 Nf6 5.Nc3 Bd6 6.Qe2+ Qe7 7.d4 Bf5 8.Nf3 Qxe2+
9.Kxe2 Bxc2 10.Ne5 O-O 11.Bxf4 Nbd7 12.Rac1 Bg6 13.Rhe1 Nb6 14.Bb3 Be4 15.Nxe4 Nxe4
16.Nd3 Nf6 17.Bxd6 cxd6 18.Rc7 Rab8 19.Nf4 Rfc8 20.Rec1 Kf8 21.h4 g6 22.Kf3 h5
23.a4 Ne8 24.R7c3 a5 25.g3 Ng7 26.Bc2 Ne8 27.Bb3 Nf6 28.Rc7 Rxc7 29.Rxc7 Ne8
30.Rc3 Nc8 31.Ng2 Ne7 32.Ne3 Ng7 33.Nc4 Ngf5 34.Nxa5 Nxd4+ 35.Kf2 b5 36.Nc6 Ndxc6
37.dxc6 bxa4 38.Bxa4 Rxb2+ 39.Kf3 Rb4 40.Bc2 Ke8 41.Re3 Rc4 42.Bb3 Rc5 43.Kf4 Kd8
44.c7+ Rxc7 45.Bxf7 Rc5 46.Be6 Nc6 47.Ra3 Ke7 48.Ba2 Kf6 49.Ra6 Rc2 50.Bb1 Rc4+
51.Ke3 Ke5 52.Bxg6 Nb4 53.Ra5+ d5 54.Bxh5 Rc3+ 55.Kf2 Nd3+ 56.Kg2 Rc2+ 57.Kg1 Rc1+
58.Kg2 Rc2+ 59.Kf1 Rf2+ 60.Kg1 Rd2 61.Bf3 Ne1 62.Bh1 Nc2 63.h5 Ne3 64.Bf3 Kf5
65.Ra7 Kg5 66.Rg7+ Kh6 67.Rg6+ Kh7 68.Re6 Nf5 69.g4 Nd4 70.Rf6 Nxf3+ 71.Rxf3 Rd4
72.Rf7+ Kg8 73.Rd7 Rxg4+ 74.Kf2 Rg5 75.Ke3 Rxh5 76.Kd4 Kf8 77.Rxd5 Rxd5+
78.Kxd5  1/2-1/2

[Event "2nd IMSA Blitz 2017"]
[Site "Huai'an CHN"]
[Date "2017.12.13"]
[Round "17.1"]
[White "Ivanchuk,V"]
[Black "Harikrishna,P"]
[Result "1-0"]
[WhiteElo "2726"]
[BlackElo "2744"]

1.c4 e5 2.g3 Nf6 3.Bg2 d5 4.cxd5 Nxd5 5.Nf3 Nc6 6.O-O Nb6 7.d3 Be7 8.a3 O-O
9.Nbd2 a5 10.b3 f5 11.Bb2 Bf6 12.Qc2 Kh8 13.Rac1 Be6 14.Nc4 Nxc4 15.bxc4 Rb8
16.e3 Qe8 17.d4 e4 18.Nd2 Bg8 19.Rce1 b5 20.cxb5 Rxb5 21.Bc3 Bd5 22.Rb1 Ne7
23.a4 Rxb1 24.Rxb1 Qc6 25.Rb5 Ra8 26.Bf1 h5 27.Rc5 Qd7 28.Bxa5 c6 29.Bc3 g5
30.a5 h4 31.a6 hxg3 32.hxg3 Kg7 33.Nc4 f4 34.Nb6 Qg4 35.Nxa8 Nf5 36.Qe2 f3
37.Qe1 Nh6 38.Qb1 Qh5 39.Qb7+ Kg6  1-0

[Event "2nd IMSA Blitz 2017"]
[Site "Huai'an CHN"]
[Date "2017.12.13"]
[Round "18.4"]
[White "Mamedov,Rau"]
[Black "Ivanchuk,V"]
[Result "1-0"]
[WhiteElo "2709"]
[BlackElo "2726"]

1.g3 g6 2.Bg2 Bg7 3.d3 c5 4.e4 Nc6 5.Nf3 d6 6.O-O e5 7.c4 Nge7 8.Nc3 O-O
9.a3 h6 10.b4 b6 11.Rb1 Rb8 12.Ne1 Nd4 13.Nc2 Nxc2 14.Qxc2 Kh7 15.Be3 f5
16.bxc5 f4 17.cxd6 fxe3 18.dxe7 Qxe7 19.fxe3 Qxa3 20.Rxf8 Qxf8 21.Rf1 Qd6
22.Nd5 Be6 23.h4 h5 24.Kh2 Bh6 25.Bh3 Bxd5 26.cxd5 Bxe3 27.Rf7+ Kh6 28.Qc6 Qc5
29.Rf6 Rg8 30.Qe6 Qc2+ 31.Bg2 Rg7 32.Qe8 Qc7 33.d6 Qd7 34.Qf8 Kh7 35.Bh3 Qc6
36.Rf7 Rxf7 37.Qxf7+ Kh6 38.Qf8+ Kh7 39.Qe7+ Kh6 40.d7 Qc1 41.Bg2 Qd1 42.Qf8+ Kh7
43.Qf7+ Kh6 44.Qf3 Qxd3 45.Qf8+ Kh7 46.d8=Q  1-0

[Event "2nd IMSA Blitz 2017"]
[Site "Huai'an CHN"]
[Date "2017.12.13"]
[Round "19.4"]
[White "Ivanchuk,V"]
[Black "Yu Yangyi"]
[Result "0-1"]
[WhiteElo "2726"]
[BlackElo "2751"]

1.c4 c5 2.g3 g6 3.Bg2 Bg7 4.Nc3 Nc6 5.e3 e6 6.d4 cxd4 7.exd4 Nge7 8.d5 Ne5
9.dxe6 dxe6 10.Qxd8+ Kxd8 11.Nf3 Nd3+ 12.Ke2 Nxc1+ 13.Raxc1 Nc6 14.a3 Bd7
15.b4 Ke7 16.Ne4 Rac8 17.c5 Bb2 18.Rb1 Bxa3 19.b5 Nb8 20.c6 bxc6 21.Ra1 Bb2
22.Rxa7 cxb5 23.Rb1 Rc2+ 24.Kd3 Rhc8 25.Ne1 Rc1 26.Rxb2 Rxe1 27.Rxb5 Nc6
28.Rab7 Nd8 29.Ra7 Nc6 30.Rab7 Rd1+ 31.Ke3 Nd4 32.Ra5 Nf5+ 33.Ke2 Rdc1 34.Raa7 Rd8
35.h4 Nd4+ 36.Ke3 Nc6 37.Ra2 f5 38.Ng5 h6 39.Nf3 Rc3+ 40.Ke2 Kf6 41.Rd2 Bc8
42.Rxd8 Bxb7 43.Rd7 Na5 44.Ne1 Bxg2 45.Nxg2 g5 46.hxg5+ hxg5 47.Ne3 g4 48.Rd8 Nc6
49.Rd1 Ra3 50.Rd2 Ra4 51.Rd1 Nd4+ 52.Kf1 Nf3 53.Kg2 Ra8 54.Rb1 Kg5 55.Rb7 Ra1
56.Nf1 Ne1+ 57.Kg1 Kf6 58.Rd7 Ra2 59.Ne3 Nf3+ 60.Kg2 Nd2 61.Rd4 Kf7 62.Rf4 Ke7
63.Kg1 Ra1+ 64.Kg2 Nf3 65.Nf1 Kf6 66.Rb4 Kg5 67.Rb2 Ne1+ 68.Kg1 Rc1 69.Re2 e5
70.Ra2 f4 71.gxf4+ exf4 72.Ra5+ Kh4 73.Ra8 Nf3+ 74.Kg2 Ne1+ 75.Kg1 Kg5 76.Rg8+ Kf5
77.Rf8+ Ke4 78.Rg8 Nf3+ 79.Kg2 Nh4+ 80.Kg1 Kf3 81.Ra8 Ke4 82.Ra4+ Kf5 83.Ra5+ Kg6
84.Ra4 Nf3+ 85.Kg2 Ne1+ 86.Kg1 Nd3 87.Rd4 Rd1 88.Rd5 Kf6 89.Rd8 Ke5 90.Rd7 Ke4
91.Rd8 Kf3 92.Rd7 Nxf2  0-1

[Event "2nd IMSA Blitz 2017"]
[Site "Huai'an CHN"]
[Date "2017.12.13"]
[Round "20.3"]
[White "Andreikin,D"]
[Black "Ivanchuk,V"]
[Result "1-0"]
[WhiteElo "2712"]
[BlackElo "2726"]

1.d4 Nf6 2.Bg5 c5 3.d5 Qb6 4.Nc3 Qxb2 5.Bd2 Qb6 6.e4 d6 7.f4 Qd8 8.Nf3 g6
9.Bb5+ Nfd7 10.e5 a6 11.Bxd7+ Qxd7 12.O-O Bg7 13.Ne4 dxe5 14.Bc3 O-O 15.fxe5 Qa4
16.Qe2 Bg4 17.e6 Bxc3 18.Nxc3 Qb4 19.Qe3 fxe6 20.Rab1 Qf4 21.Qxf4 Rxf4 22.Rxb7 Bxf3
23.Rxf3 Rxf3 24.gxf3 exd5 25.Rc7 a5 26.Rc8+ Kf7 27.Nxd5  1-0

[Event "Gibraltar Masters 2018"]
[Site "Caleta ENG"]
[Date "2018.01.28"]
[Round "6.6"]
[White "Sandipan,C"]
[Black "Ivanchuk,V"]
[Result "1-0"]
[WhiteElo "2579"]
[BlackElo "2726"]

1.d4 Nf6 2.c4 e6 3.Nc3 Bb4 4.e3 c5 5.Ne2 cxd4 6.exd4 d5 7.c5 Ne4 8.Bd2 Nxd2
9.Qxd2 a5 10.a3 Bxc3 11.Nxc3 a4 12.Nxa4 Rxa4 13.Bb5+ Bd7 14.Bxa4 Bxa4 15.Qb4 Qd7
16.O-O Qb5 17.b3 Qxb4 18.axb4 Bb5 19.Ra7 Bxf1 20.Rxb7 Nc6 21.Kxf1 O-O 22.b5 Na5
23.Rc7  1-0

[Event "19th ch-EUR Indiv 2018"]
[Site "Batumi GEO"]
[Date "2018.03.17"]
[Round "1.5"]
[White "Kanmazalp,O"]
[Black "Ivanchuk,V"]
[Result "0-1"]
[WhiteElo "2473"]
[BlackElo "2713"]

1.e4 c5 2.Nf3 d6 3.d4 cxd4 4.Nxd4 Nf6 5.Nc3 a6 6.Be2 e5 7.Nf3 Be7 8.Bg5 Nbd7
9.a4 h6 10.Be3 Ng4 11.Bc1 Ngf6 12.Be3 Ng4 13.Bc1 O-O 14.Nd2 Ngf6 15.Nc4 Nc5
16.Bf3 Be6 17.Ne3 b5 18.O-O bxa4 19.Ned5 Nxd5 20.Nxd5 Bg5 21.Bxg5 hxg5 22.Nc3 Qd7
23.h3 Rab8 24.Qc1 Rb4 25.Rd1 Rfb8 26.Qxg5 Rxb2 27.Rac1 a3 28.Bg4 Bxg4 29.hxg4 a2
30.Nd5 Nxe4 31.Qh4 Qd8 32.Ne7+ Kf8 33.g5 Kxe7 34.Qxe4 Rb1 35.g6 a1=Q 36.Qh4+ f6
37.Qc4 d5  0-1

[Event "19th ch-EUR Indiv 2018"]
[Site "Batumi GEO"]
[Date "2018.03.18"]
[Round "2.3"]
[White "Ivanchuk,V"]
[Black "Wagner,De"]
[Result "1-0"]
[WhiteElo "2713"]
[BlackElo "2566"]

1.d4 Nf6 2.Nf3 g6 3.Bf4 Bg7 4.e3 O-O 5.Be2 c5 6.c3 d6 7.O-O b6 8.a4 Nbd7
9.h3 a6 10.Bh2 Bb7 11.Nbd2 Ra7 12.Qb1 Qa8 13.Bd3 cxd4 14.cxd4 Nd5 15.Rc1 Nb4
16.Bf1 Nf6 17.Ra3 Bd5 18.Bc4 Bc6 19.Bf1 Bd5 20.Rcc3 Ne4 21.Nxe4 Bxe4 22.Qd1 Bc6
23.Ne1 a5 24.Nd3 b5 25.Rxc6 Qxc6 26.Nxb4 axb4 27.axb5 Qc7 28.Ra6 Rxa6 29.bxa6 Qa5
30.Qc2 Qa1 31.g4 Bf6 32.Bf4 g5 33.Bg3 Kg7 34.Kg2 Qa5 35.Qe4 d5 36.Qf3 Ra8
37.Bd3 e6 38.Bd6 b3 39.Qe2 Qd8 40.Bb4 Be7 41.Bc3 Bf6 42.Qd1 Qb6 43.Qa1 h6
44.Qa3 Rb8 45.Ba5 Qa7 46.Bb4 Bd8 47.Bf8+ Kg8 48.Bd6 Bc7 49.Qc5 Bb6 50.Qc6 Rd8
51.Be5 Ba5 52.Bf6 Rb8 53.h4 Qc7 54.Qa4 Ra8 55.hxg5 hxg5 56.Qa1  1-0